| 000 | 00851cam a22002411 4500 | ||
|---|---|---|---|
| 001 | rc 01003457 | ||
| 003 | DLC | ||
| 005 | 20260227111909.0 | ||
| 008 | 841212s1857 mdua 000 0 eng | ||
| 010 | _arc 01003457 | ||
| 035 | _a(OCoLC)11485777 | ||
| 040 |
_aDLC _cMdU _dMdU _dDLC |
||
| 042 | _apremarc | ||
| 043 | _an-us-md | ||
| 050 | 1 | 0 |
_aF189.B1 _bG5 |
| 100 | 1 | _aGobright, John Christopher. | |
| 245 | 1 | 0 |
_aCity rambles, or, Baltimore as it is: _bbeing a series of notices originally published in the Baltimore patriot and Commercial gazette, in which is given descriptive notices of new buildings ... manufactures ... |
| 260 |
_aBaltimore, _bJ.W. Woods, _c1857. |
||
| 300 |
_avii, [8]-185 p. _bfront, illus., pl. _c20 cm. |
||
| 651 | 0 |
_aBaltimore (Md.) _xDescription and travel. |
|
| 740 | 0 | _aCity rambles. | |
| 740 | 0 | _aBaltimore as it is. | |
| 999 |
_c52579 _d52579 |
||